| 000 | 00481pab a2200169 454500 | ||
|---|---|---|---|
| 008 | 180718b2014 xxu||||| |||| 00| 0 eng d | ||
| 100 | _aFilomeno, Felipe Amin | ||
| 245 | _aPatterns of rule-making and intellectual property regime; Lessons from South American Soybean agriculture | ||
| 260 | _c2014 | ||
| 300 | _ap.439-458. | ||
| 362 | _aJul | ||
| 650 | _aAgriculture | ||
| 650 | _aIntellectual property | ||
| 773 | _aComparative Politics | ||
| 908 | _aN | ||
| 909 | _a106101 | ||
| 999 |
_c106096 _d106096 |
||